000 00513nam a22001932 4500
001 0000001167
005 20170406113219.0
008 131210s xx 000 0 eng d
020 _c$
040 _aYour Holding Symbol
_cYour Holding Symbol
100 1 _aHadrill Wallace,J.M.
245 1 4 _aThe barbarian west :
_b the early middle ages.
250 _a ed.
260 _anew york :
_bHarper,
_c1962.
300 _a157 p. ;
_c cm.
504 _aindex.
650 0 _ahistory.
908 _a131210
999 _c1084
_d1084